Topological Vector Spaces 1 (Record no. 9444)

MARC details
000 -LEADER
fixed length control field 00495nam a22001937a 4500
003 - CONTROL NUMBER IDENTIFIER
control field OSt
005 - DATE AND TIME OF LATEST TRANSACTION
control field 20241016124650.0
008 - FIXED-LENGTH DATA ELEMENTS--GENERAL INFORMATION
fixed length control field 241016b |||||||| |||| 00| 0 eng d
020 ## - INTERNATIONAL STANDARD BOOK NUMBER
International Standard Book Number 9781461271550
040 ## - CATALOGING SOURCE
Original cataloging agency DDC
Transcribing agency MUST
082 ## - DEWEY DECIMAL CLASSIFICATION NUMBER
Classification number 514.32 SCH 1999
100 ## - MAIN ENTRY--PERSONAL NAME
Personal name Kothe G.
9 (RLIN) 19268
245 ## - TITLE STATEMENT
Title Topological Vector Spaces 1
Statement of responsibility, etc. Kothe G.
260 ## - PUBLICATION, DISTRIBUTION, ETC. (IMPRINT)
Place of publication, distribution, etc. New York;
Name of publisher, distributor, etc. Springer,
Date of publication, distribution, etc. 1999.
300 ## - PHYSICAL DESCRIPTION
Extent xi,346p.:
Dimensions 25.cm.
504 ## - BIBLIOGRAPHY, ETC. NOTE
Bibliography, etc Includes Indexes
650 ## - SUBJECT ADDED ENTRY--TOPICAL TERM
Topical term or geographic name as entry element Physics
9 (RLIN) 809
942 ## - ADDED ENTRY ELEMENTS (KOHA)
Source of classification or shelving scheme Dewey Decimal Classification
Koha item type Open Shelf
Holdings
Withdrawn status Lost status Source of classification or shelving scheme Damaged status Not for loan Home library Current library Source of acquisition Inventory number Total Checkouts Full call number Barcode Date last seen Price effective from Koha item type
    Dewey Decimal Classification     MUST Main Library MUST Main Library Purchase 24/42262   514.32 SCH 1999 2024-22498 16/10/2024 16/10/2024 Open Shelf
    Dewey Decimal Classification     MUST Main Library MUST Main Library Purchase 24/42261   514.32 SCH 1999 2024-22499 16/10/2024   Open Shelf